[Event "5th Nebesna Sotnya Blitz 2018"]
[Site "Lutsk"]
[Date "2018.02.16"]
[Round "10"]
[White "Mirzoev, Emil"]
[Black "Yarmysty, Mikhail"]
[Result "1-0"]
[WhiteElo "2405"]
[BlackElo "2300"]
[Annotator "NA"]
[PlyCount "69"]
[EventDate "2018.??.??"]
[EventType "swiss"]
[EventCountry "UKR"]
[SourceTitle "playchess.com"]
[Source "ChessBase"]
[SourceQuality "1"]
[TimeControl "180+2"]

1. d4 {[%emt 0:00:00]} d6 {[%emt 0:00:00]} 2. e4 {[%emt 0:00:06]} Nf6 3. Nc3 c6 {[%emt 0:00:02]} 4. Nge2 {[%emt 0:00:02]} Nbd7 {[%emt 0:00:04]} 5. h3 {[%emt 0:00:01]} b5 {[%emt 0:00:03]} 6. a3 {[%emt 0:00:01]} e5 {[%emt 0:00:02]} 7. g4 {[%emt 0:00:02]} Be7 {[%emt 0:00:14]} 8. Bg2 O-O 9. O-O {[%emt 0:00:01]} Nb6 {[%emt 0:00:04]} 10. b3 {[%emt 0:00:06]} a6 {[%emt 0:00:10]} 11. Be3 {[%emt 0:00:03]} Nfd7 {[%emt 0:00:03]} 12. f4 {[%emt 0:00:06]} Bb7 {[%emt 0:00:12]} 13. Ng3 {[%emt 0:00:12]} exd4 {[%emt 0:00:07]} 14. Qxd4 {[%emt 0:00:01]} Bf6 {[%emt 0:00:03]} 15. Qd2 {[%emt 0:00:04]} Re8 {[%emt 0:00:08]} 16. g5 {[%emt 0:00:12]} Be7 {[%emt 0:00:18]} 17. Nf5 {[%emt 0:00:02]} Nc5 {[%emt 0:00:11]} 18. Rad1 {[%emt 0:00:15]} d5 {[%emt 0:00:40]} 19. Qf2 {[%emt 0:00:08]} Ncd7 {[%emt 0:00:12]} 20. Nxe7+ {[%emt 0:00:30]} Rxe7 {[%emt 0:00:03]} 21. exd5 {[%emt 0:00:02]} Nxd5 {[%emt 0:00:07]} 22. Nxd5 {[%emt 0:00:04]} cxd5 {[%emt 0:00:01]} 23. Bd4 {[%emt 0:00:02]} Qc7 {[%emt 0:00:19]} 24. f5 {[%emt 0:00:02]} Rae8 25. Rd2 Ne5 {[%emt 0:00:24]} 26. f6 {[%emt 0:00:09]} Re6 {[%emt 0:00:03]} 27. fxg7 {[%emt 0:00:07]} Ng6 {[%emt 0:00:10]} 28. h4 {[%emt 0:00:07]} Re4 {[%emt 0:00:01]} 29. h5 {[%emt 0:00:20]} Nf4 {[%emt 0:00:01]} 30. h6 {[%emt 0:00:15]} Ne2+ {[%emt 0:00:09]} 31. Rxe2 {[%emt 0:00:12]} Rxe2 {[%emt 0:00:01]} 32. Qf3 {[%emt 0:00:16]} R2e6 {[%emt 0:00:04]} 33. Bh3 {[%emt 0:00:06]} Bc8 {[%emt 0:00:03]} 34. Bf5 {[%emt 0:00:10]} Rg6 {[%emt 0:00:03]} 35. Bxg6 {[%emt 0:00:04]} 1-0

[Event "5th Nebesna Sotnya Blitz 2018"]
[Site "Lutsk"]
[Date "2018.02.16"]
[Round "10"]
[White "Khaetsky, Roman"]
[Black "Golubka, Petro"]
[Result "1/2-1/2"]
[WhiteElo "2381"]
[BlackElo "2503"]
[Annotator "TA"]
[PlyCount "107"]
[EventDate "2018.??.??"]
[EventType "swiss"]
[EventCountry "UKR"]
[SourceTitle "playchess.com"]
[Source "ChessBase"]
[SourceQuality "1"]

{[%evp 21,107,32,33,35,38,45,45,43,97,61,73,58,93,87,98,69,70,73,85,64,122,101,105,53,95,76,90,0,0,0,0,-81,-77,-104,-95,-86,103,96,169,99,164,66,551,14,50,58,47,-410,-434,-439,-439,-439,-439,-411,-418,-652,-652,-836,-827,-1235,-1053,-29985,-29986,-29991,-29990,-29991,-29974,-5193,-1077,-29983,-29984,-29984,-29985,-29989,-886,-3965,-1493,-1572,-1402,-29990,-5929,-29991,-29992,-29992,-29993,-29993,-29994,-29994]} 1. e4 c6 2. d4 d5 3. e5 Bf5 4. c4 dxc4 5. Bxc4 e6 6. Nc3 Nd7 7. Nge2 Nb6 8. Bb3 Ne7 9. O-O Ned5 10. Ng3 Bg6 {B12: Caro-Kann (Vorstoß-Variante)} 11. Nce4 Be7 {LiveBook: 5 Partien} 12. f4 (12. h4 Bxh4 13. Nd6+ Kf8 14. Nxb7 {½-½ (35) Brunello,S (2475)-Rombaldoni,D (2383) Fiuggi 2007}) 12... Bxe4 {Weiß steht etwas besser.} 13. Nxe4 g6 $146 ({Vorgänger:} 13... Qd7 14. Qf3 g6 15. Bd2 h5 16. Rac1 Nc7 17. Rfd1 O-O-O 18. Ba5 Kb8 19. a4 Rc8 20. Nc5 Bxc5 21. dxc5 Nbd5 22. Bxc7+ Rxc7 23. Ba2 {½-½ (23) Kortschnoj,V-Ilivitzki,G Sverdlovsk (>Ekaterinburg) 1957}) 14. Kh1 O-O (14... a5 $14) 15. Qf3 Kh8 16. Bd2 Nd7 17. Rad1 a5 18. a3 Qb6 19. Bc1 a4 20. Ba2 Qc7 (20... f6 $14) 21. Qh3 $16 Rae8 22. Rf3 ({Lieber} 22. Ng5 $16 Bxg5 23. fxg5) 22... f5 23. exf6 $1 Bxf6 24. Rdf1 $40 {[%mdl 128] Weiss greift an.} (24. b3 $16) 24... Bxd4 $11 25. Ng5 {[%csl Gg5][%cal Rh3h7]} Nc5 26. Qh4 {[#]} (26. g4 $11) 26... Bf6 $1 $17 27. Rh3 {[%cal Rh4h7]} Bxg5 28. Qxg5 Ne4 $2 (28... Kg8 $17 29. Qh4 Qe7) 29. Qxg6 $1 $16 Nef6 (29... Ndf6 $16 {kämpft weiter.}) 30. Qh6 (30. b4 $18) 30... Rg8 (30... Qg7 $16 {ist eine bessere Verteidigung.}) 31. Bd2 (31. b3 $18) 31... Ne4 $2 {[%mdl 8192]} (31... Rg7 $14) 32. f5 $2 ({Weiss braucht} 32. Bb1 $18 Nef6 33. Bc3) 32... exf5 33. Bxd5 cxd5 34. Bf4 $2 {[%mdl 8192] [#]} (34. Be3 $1 $14 {behält die Oberhand.} Qg7 35. Qxg7+ Rxg7 36. Rxf5) 34... Nf2+ $1 $19 {[%mdl 512]} 35. Kg1 (35. Rxf2 Re1+) 35... Nxh3+ 36. Qxh3 Qc5+ 37. Kh1 d4 38. Qh6 (38. Qf3 $142) 38... Rg6 39. Qh4 Qd5 {[%csl Gg6][%cal Rd5g2]} 40. Bg3 d3 41. Qf4 d2 42. Qxa4 b5 43. Qd1 Rge6 44. b4 Kg8 (44... Re2 $142 45. Rg1 {[#]} f4 $1 {[%mdl 512]}) 45. h3 Re2 {[%csl Ge2][%cal Rd5g2]} 46. Rg1 R8e3 47. Kh2 Re4 (47... Qf3 $142 48. Qc2 Qxg3+ 49. Kh1 Re1 50. Qxd2 Rxg1+ 51. Kxg1 Re1+ 52. Qxe1 Qxe1+ 53. Kh2 f4 54. h4 h5 55. a4 bxa4 56. b5 a3 57. g4 a2 58. gxh5 a1=Q 59. h6 Qh1#) 48. Qa1 Qd4 (48... f4 $142 49. Bh4 f3) 49. Qb1 {[#]} Re1 $1 {[%csl Ge1][%cal Rd4g1][%mdl 512]} 50. Qb3+ (50. Rxe1 Rxe1) 50... Qc4 (50... Kf8 $142 51. Rxe1 Rxe1 52. Bb8 d1=Q 53. Qxd1 Rxd1 54. Kg3 Rf1 55. Bc7 Qf2+ 56. Kh2 Rg1 57. Bd6+ Kf7 58. Bg3 Qxg2#) 51. Qf3 Rxg1 {Schwarz setzt Matt.} 52. Kxg1 Qc1+ 53. Kh2 d1=Q 54. Qxd1 {[%mdl 32768] Precision: Weiß = 27%, Schwarz = 50%. . An unexpected result.} 1/2-1/2

[Event "5th Nebesna Sotnya Blitz 2018"]
[Site "Lutsk"]
[Date "2018.02.16"]
[Round "10"]
[White "Razin, Vadim"]
[Black "Bortnyk, Mykola"]
[Result "0-1"]
[WhiteElo "2379"]
[BlackElo "2432"]
[Annotator "TA"]
[PlyCount "45"]
[EventDate "2018.??.??"]
[EventType "swiss"]
[EventCountry "UKR"]
[SourceTitle "playchess.com"]
[Source "ChessBase"]
[SourceQuality "1"]

{[%evp 17,45,21,23,21,53,15,34,16,41,29,60,60,76,79,82,87,88,69,89,40,62,67,67,74,81,38,89,63,61,55]} 1. d4 Nf6 2. Nf3 d6 3. c4 Nbd7 4. Nc3 g6 5. e4 Bg7 6. Be2 O-O 7. O-O e5 8. Re1 exd4 9. Nxd4 Re8 10. f3 {E95: King's Indian: Classical: 7...Nbd7 8 Re1} a6 11. Bf1 Ne5 (11... Nc5 12. Be3 Bd7 13. Qd2 Qe7 14. Rad1 Qf8 15. Kh1 Rac8 16. b4 Ne6 {0-1 (53) Mareco,S (2635)-Bortnyk,O (2581) Doha 2016}) 12. Be3 Bd7 13. Qd2 Nc6 $146 ({Predecessor:} 13... c5 14. Nc2 Be6 15. b3 Qa5 16. Nd5 Qxd2 17. Nxf6+ Bxf6 18. Bxd2 {½-½ (26) Sorgjerd,J (1949)-Haug,K (2021) Norway 2000}) 14. Nc2 Qc8 15. Rad1 Be6 16. Nd5 Ne5 17. Nd4 Nfd7 18. Rc1 c6 19. Nf4 Qc7 20. Red1 Bf8 21. Kh1 a5 ({Black should play} 21... c5 $14) 22. b3 Nc5 23. a3 {[%mdl 32768] Precision: White = 52%, Black = 47%. . Loss on Time!?} 0-1

[Event "5th Nebesna Sotnya Blitz 2018"]
[Site "Lutsk"]
[Date "2018.02.16"]
[Round "10"]
[White "Galperin, Platon"]
[Black "Budnikov, Oleg"]
[Result "0-1"]
[WhiteElo "2332"]
[BlackElo "2422"]
[Annotator "TA"]
[PlyCount "54"]
[EventDate "2018.??.??"]
[EventType "swiss"]
[EventCountry "UKR"]
[SourceTitle "playchess.com"]
[Source "ChessBase"]
[SourceQuality "1"]

{[%evp 13,54,55,38,-8,-10,-10,-8,-4,38,-110,-105,-116,-113,-109,-88,-124,-137,-116,-116,-596,-587,-29998,-928,-921,-896,-994,-969,-1126,-1110,-1117,-1080,-1058,-1047,-1406,-1323,-1613,-1394,-1839,-1790,-2116,-2021,-29991,-29992]} 1. Nf3 Nf6 2. g3 g6 3. Bg2 Bg7 4. b3 O-O 5. Bb2 c5 6. c4 d6 7. d4 Ne4 {LiveBook: 59 Games} 8. Qc2 {E60: King's Indian: Unusual lines and Fianchetto Variation without Nc3} (8. O-O Nc6 9. h3 Bf5 10. e3 Nf6 11. Nc3 cxd4 12. Nxd4 Bd7 13. Qe2 a6 14. Rfd1 Rc8 15. Rac1 Qa5 16. a3 Rfe8 {1-0 (33) Kramnik,V (2783)-Caruana,F (2811) Zuerich 2015}) 8... Bf5 $146 {[#] White must now prevent ...Nxg3!} ({Predecessor:} 8... Qa5+ 9. Nfd2 Nxd2 10. Bc3 Qc7 11. Qxd2 cxd4 12. Bxd4 Nc6 13. Bxg7 Kxg7 14. Nc3 Qa5 15. O-O Be6 {1-0 (50) Baumgartner,H (2323)-Brandstaetter,G (1970) Taufkirchen 1998}) 9. Nh4 Qa5+ 10. Nd2 {The position is equal.} Nxg3 11. e4 (11. Nxf5 $14 Nxf5 12. Bxb7) 11... Nxh1 $17 12. exf5 Nc6 ({Don't do} 12... cxd4 13. Bxb7 Nd7 14. Bxh1 $15) ({But not} 12... Bxd4 $6 13. Bxh1 Nc6 14. Bxc6 $11) 13. Bxh1 cxd4 {[%cal Bc5d4,Bd4d3][%mdl 32]} 14. a3 {[#]} d3 $1 {[%mdl 512]} 15. Qb1 (15. Qxd3 Bxb2) 15... Bc3 $36 {[%mdl 2048] Keeping White busy.} 16. b4 $2 {[%mdl 8192]} (16. Kf1 $17) 16... Qe5+ $1 $19 17. Kd1 {and the idea Bxc3 leaves White hopeful.} Bxb2 (17... Qe2+ $142 18. Kc1 Bxd2#) 18. Qxd3 Bxa1 19. fxg6 hxg6 20. Nxg6 fxg6 21. Qxg6+ Qg7 22. Bd5+ Kh8 23. Qe6 Rf6 24. Qe2 Ne5 25. Ne4 Rh6 26. Ng3 Rf8 27. Qe3 Ng4 0-1

[Event "5th Nebesna Sotnya Blitz 2018"]
[Site "Lutsk"]
[Date "2018.02.16"]
[Round "10"]
[White "Korol, Dimitry"]
[Black "Matviishen, Viktor"]
[Result "0-1"]
[WhiteElo "2291"]
[BlackElo "2439"]
[Annotator "TA"]
[PlyCount "58"]
[EventDate "2018.??.??"]
[EventType "swiss"]
[EventCountry "UKR"]
[SourceTitle "playchess.com"]
[Source "ChessBase"]
[SourceQuality "1"]

{[%evp 14,58,-15,-8,28,21,18,14,16,0,12,10,100,19,28,0,7,4,11,-5,35,0,44,-24,-24,-100,-100,-109,-97,-316,-313,-335,-231,-400,-402,-399,-274,-390,-271,-931,-931,-930,-929,-929,-927,-927,-927]} 1. d4 Nf6 2. c4 e6 3. Nc3 Bb4 4. Qc2 c5 5. dxc5 Na6 6. e3 Nxc5 7. Bd2 O-O 8. Nf3 {LiveBook: 131 Partien} d5 {E39: Nimzoindisch (4.Dc2)} (8... b6 9. Be2 Bb7 10. O-O Bxc3 11. Bxc3 Nce4 12. Rfd1 Rc8 13. Bxf6 Nxf6 14. Qa4 Qc7 15. Rd4 a6 16. Rad1 h6 17. Qb4 d5 18. h3 Qc5 {½-½ (18) Gajewski,G (2654)-Wojtaszek,R (2734) Berlin 2015}) 9. cxd5 exd5 10. Be2 Bg4 {Die Stellung ist ausgeglichen.} 11. O-O Rc8 12. Qd1 Ba5 $146 {[#]} (12... Ne6 $11) ({Vorgänger:} 12... Qb6 13. a3 Bxc3 14. Bxc3 {1-0 (32) Jobin,G-Makelainen,E Toronto 1957}) 13. Nd4 (13. Nxd5 $1 $16 {[%mdl 512]} Nxd5 (13... Qxd5 14. Bxa5) 14. Bxa5 Qxa5 15. Qxd5) 13... Bxe2 14. Qxe2 (14. Ncxe2 $5 {[%cal Rb2b4]} Bc7 15. b3 $11) 14... Bc7 15. Rac1 Qd6 {[%csl Gc7][%cal Rd6h2]} 16. g3 Qd7 17. Rfd1 (17. Qb5 {is interesting.} Be5 18. Qxd7 Ncxd7 19. Nce2 Rfe8 20. Rfd1) 17... Qh3 18. Nxd5 (18. Ncb5 $14 Bb8 19. Bb4) 18... Nxd5 $11 19. Rxc5 (19. Qf3 $11) 19... Bxg3 $1 $17 20. hxg3 Rxc5 $40 {[%mdl 128] Schwarz riecht Blut.} 21. e4 $2 (21. Qf3 $17 Rd8 22. Nf5) 21... Nf6 $19 22. Nf5 Re8 23. Be3 $2 {[#]} (23. Nd6 {einziger Zug.} Rd8 24. Bf4) 23... Ng4 $1 {[%mdl 512] ( -> ...Dh2+)} 24. Qf3 Qh2+ 25. Kf1 Nxe3+ 26. Qxe3 $2 {[#]} (26. Nxe3 Ra5 27. a3) 26... Rxf5 $1 {[%mdl 512] Schwarz steht klar auf Gewinn.} 27. exf5 Qh1+ 28. Ke2 Rxe3+ 29. fxe3 Qg2+ {Precision: Weiß = 26%, Schwarz = 34%.} 0-1

[Event "5th Nebesna Sotnya Blitz 2018"]
[Site "Lutsk"]
[Date "2018.02.16"]
[Round "11"]
[White "Bogdanovich, Stanislav"]
[Black "Mirzoev, Emil"]
[Result "1-0"]
[WhiteElo "2560"]
[BlackElo "2405"]
[Annotator "TA"]
[PlyCount "62"]
[EventDate "2018.??.??"]
[EventType "swiss"]
[EventCountry "UKR"]
[SourceTitle "playchess.com"]
[Source "ChessBase"]
[SourceQuality "1"]

{[%evp 16,62,0,-5,29,16,55,24,60,-62,-58,-112,-114,-116,-85,-100,-62,-63,-41,-52,1,8,13,10,1,0,0,13,73,69,89,67,64,75,66,64,62,71,266,260,382,385,449,458,501,500,5406,441,6207]} 1. Nf3 d5 2. g3 e6 3. Bg2 Nf6 4. b3 c5 5. Bb2 Nc6 6. O-O Be7 7. d4 O-O 8. dxc5 {D02: 1 d4 d5 2 Nf3 sidelines, including 2...Nf6 3 g3 and 2...Nf6 3 Bf4} Bxc5 9. Nbd2 {LiveBook: 5 Games} a6 $146 ({Predecessor:} 9... Qe7 10. Ne5 Rd8 11. Nd3 e5 12. e4 Nxe4 13. Nxe4 dxe4 14. Bxe4 Bd4 {1-0 (66) Gretarsson,H (2567)-Jensson,E (2362) Reykjavik 2017}) 10. c4 {White has an edge.} Ba7 11. Rc1 Re8 12. Nb1 (12. Ne5 $14) 12... d4 $1 $15 13. Na3 ({White should try} 13. c5 $15) 13... e5 $17 14. Nc2 a5 15. a3 Qe7 16. b4 axb4 (16... Rd8 {looks sharper.} 17. c5 axb4 18. axb4 Bb8 19. Ra1 Rxa1 20. Qxa1 Bf5) 17. axb4 Nxb4 (17... Bg4 $15) 18. Ba3 $1 $11 {[%cal Ra3b4]} Bc5 {...Na2 is the strong threat.} 19. Bxb4 Bxb4 {[#]} 20. Nxe5 $1 {[%mdl 512]} Bc3 (20... Qxe5 21. Nxb4) 21. Nf3 $1 Bg4 (21... Ne4 $11) 22. Ncxd4 $16 Bxd4 23. Nxd4 Rad8 {White must now prevent ...Qe5.} 24. Qd2 Bxe2 25. Rfe1 $36 {[%mdl 2048] Strongly threatening Qc3. White has some pressure.} Qc7 26. Qb2 Bxc4 $2 (26... Bg4 $16) 27. Rxe8+ $18 Rxe8 (27... Nxe8 $142 28. Bf1 (28. Bxb7 Rb8 $11) 28... Nd6) 28. Bf1 b5 29. Nxb5 {White is clearly winning.} Qc5 {If Black can now play ...Qxb5 this consolidates a bit.} 30. Bxc4 Rd8 {[#]} (30... Qf8 $142 31. Nd4 Ne4) 31. Bf1 (31. Bxf7+ $142 $1 Kxf7 32. Rxc5) 31... Ne8 {Precision: White = 52%, Black = 21%.} (31... Qd5 $142 32. Nd4 Qe5) 1-0

[Event "5th Nebesna Sotnya Blitz 2018"]
[Site "Lutsk"]
[Date "2018.02.16"]
[Round "11"]
[White "Golubka, Petro"]
[Black "Bordovsky, Vladimir"]
[Result "1-0"]
[WhiteElo "2503"]
[BlackElo "2326"]
[Annotator "TA"]
[PlyCount "68"]
[EventDate "2018.??.??"]
[EventType "swiss"]
[EventCountry "UKR"]
[SourceTitle "playchess.com"]
[Source "ChessBase"]
[SourceQuality "1"]

{[%evp 11,68,44,50,47,70,31,43,43,45,38,38,31,53,62,58,0,54,20,30,33,203,9,94,22,41,30,38,0,38,22,33,29,27,20,27,12,32,30,42,-3,0,0,7,7,9,11,9,18,86,8,10,5,1237,1236,29989,256,29990,29991,29994]} 1. d4 Nf6 2. c4 d6 3. Nf3 Bf5 4. Nc3 g6 5. Nh4 Bd7 6. g3 {E61: Königsindisch (Abweichungen der Hauptvariante)} e5 {LiveBook: 5 Partien} 7. Bg2 Nc6 8. dxe5 $146 {Weiß steht etwas besser.} ({Vorgänger:} 8. d5 Ne7 9. O-O Bg7 10. e4 O-O 11. h3 h6 12. Kh2 Nh7 13. Be3 g5 14. Nf3 f5 15. exf5 Nxf5 16. Ne4 g4 17. hxg4 Nxe3 18. fxe3 Bxg4 {½-½ (29) Roussel Roozmon,T (2486)-Moiseenko,A (2632) Montreal 2008}) 8... Nxe5 9. Bxb7 Rb8 10. Bg2 Nxc4 11. b3 Ne5 12. O-O Bg7 13. Bb2 (13. Be3 $14) 13... O-O (13... Nc4 $1 $11) 14. Qc2 Re8 15. Rfd1 Bc6 $2 ({Besser ist} 15... Nc6 $14) 16. e4 $2 (16. f4 $1 $18 {[%cal Rf4e5]} Nfg4 17. fxe5) 16... Ned7 {[#]} (16... Nfd7 $11 {bleibt in der Remisbreite.}) 17. Re1 (17. e5 $1 $16 {[%cal Re5f6][%mdl 512]} Nxe5 (17... dxe5 18. Bxc6) 18. f4) 17... Ba8 18. Rad1 Qc8 19. Nf3 Nc5 {[%cal Rc5e4]} (19... Nxe4 $5 20. Nxe4 Rxe4 $11) 20. e5 dxe5 21. Nxe5 Bxg2 22. Kxg2 Qb7+ 23. Kg1 Ne6 {Und weiter mit ...Sg5 wäre nett.} 24. h4 c5 {...Sd4 ist eine echte Drohung.} 25. Ne2 Rbd8 26. Nc4 {zielt auf Sd6 ab.} Nd4 27. Nxd4 Rxe1+ 28. Rxe1 cxd4 29. Ne5 $36 {[%mdl 2048] Weiss drückt.} Nd5 (29... Rc8 $11 30. Qe2 Qd5) 30. Qc6 (30. Bxd4 $16 Re8 31. Re2) 30... Qb4 $11 31. Nd3 Qb6 $2 {[%mdl 8192]} (31... Qb8 $11) 32. Re8+ $18 Rxe8 33. Qxe8+ Bf8 34. Ba3 {[%csl Ga3][%cal Re8f8]} Ne7 {Precision: Weiß = 51%, Schwarz = 23%.} 1-0

[Event "5th Nebesna Sotnya Blitz 2018"]
[Site "Lutsk"]
[Date "2018.02.16"]
[Round "11"]
[White "Matviishen, Viktor"]
[Black "Vetoshko, Volodymyr"]
[Result "1/2-1/2"]
[WhiteElo "2439"]
[BlackElo "2520"]
[Annotator "TA"]
[PlyCount "30"]
[EventDate "2018.??.??"]
[EventType "swiss"]
[EventCountry "UKR"]
[SourceTitle "playchess.com"]
[Source "ChessBase"]
[SourceQuality "1"]

{[%evp 13,16,44,14,0,8]} 1. d4 Nf6 2. c4 e6 3. Nf3 c5 4. d5 b5 5. Bg5 exd5 6. cxd5 h6 7. Bh4 {E10: Blumenfeld Gambit} (7. Bxf6 Qxf6 8. Qc2 Be7 9. e4 Qb6 10. a4 bxa4 11. Be2 d6 12. O-O O-O 13. Nbd2 Bd7 14. Nc4 Qc7 15. Ne3 a6 16. Rfe1 {1-0 (30) Wang,Y (2697)-Vallejo Pons,F (2705) Beijing 2011}) 7... d6 {LiveBook: 10 Games} 8. Nbd2 Be7 {Predecessor:} 9. e4 $146 a6 10. a4 Nxd5 11. Bxe7 Qxe7 12. axb5 O-O 13. Bc4 Nf6 14. O-O Bb7 15. bxa6 Nxa6 {½-½ (53) Gunina,V (2511)-Muzychuk,A (2583) Batumi 2012} 1/2-1/2

[Event "5th Nebesna Sotnya Blitz 2018"]
[Site "Lutsk"]
[Date "2018.02.16"]
[Round "11"]
[White "Bortnyk, Mykola"]
[Black "Bernadskiy, Vitaliy"]
[Result "1/2-1/2"]
[WhiteElo "2432"]
[BlackElo "2588"]
[Annotator "TA"]
[PlyCount "97"]
[EventDate "2018.??.??"]
[EventType "swiss"]
[EventCountry "UKR"]
[SourceTitle "playchess.com"]
[Source "ChessBase"]
[SourceQuality "1"]

{[%evp 29,97,0,5,4,0,8,8,-8,0,0,0,0,46,37,37,37,42,37,42,34,36,35,31,29,30,27,29,26,38,26,26,0,0,0,0,0,0,-8,-7,-8,0,0,0,0,0,-6,0,0,0,0,0,0,0,0,0,-8,-8,-8,-8,-8,-8,-28,-8,-8,0,-8,0,-23,-8,-8]} 1. e4 e5 2. Nf3 Nf6 3. Nxe5 d6 4. Nf3 Nxe4 5. d4 d5 6. Bd3 Be7 7. O-O Nc6 8. Re1 Bf5 9. c4 Nb4 10. cxd5 Nxd3 11. Qxd3 Qxd5 12. Nc3 Nxc3 13. Qxc3 Be6 {C42: Petroff Defence: 3 Nxe5 and unusual White 3rd moves} 14. Qxc7 (14. Re5 Qc6 15. d5 Bxd5 16. Nd4 Qxc3 17. bxc3 Be6 18. Nxe6 fxe6 19. Rxe6 O-O-O 20. Bf4 Bf6 21. Be5 Bxe5 22. Rxe5 Rd3 23. Re7 Rhd8 24. h4 R8d7 25. Re8+ Rd8 26. Re7 R8d7 27. Re8+ Rd8 28. Re7 R8d7 29. Re8+ {½-½ (29) Deepan Chakkravarthy,J (2475)-Tukhaev,A (2570) Chennai 2018}) 14... Bd6 15. Qc2 O-O {LiveBook: 7 Games} 16. Qe4 Qxe4 17. Rxe4 Rac8 $146 ({Find the theoretical novelty and annotate with similar games:} 17... Rfc8 18. Bd2 b5 19. a3 a5 20. Ree1 b4 21. Rec1 Rxc1+ 22. Bxc1 {0-1 (53) Bures,V (2180)-Kratochvil,M (2168) Czechia 2014}) 18. Bf4 Bd5 19. Bxd6 Bxe4 20. Bxf8 Bxf3 $11 {[%mdl 4096] Endgame KRB-KRB} 21. Bc5 Bd5 22. Bxa7 Ra8 23. Bc5 Rxa2 {[%cal Ra2a1] [#]} 24. Re1 {[%cal Re1e8]} h6 25. Ba3 b5 26. f3 (26. h4 {NOTEXT} b4 27. Bxb4 Rxb2 28. Bc5 Kh7 29. Re7) 26... b4 27. Bxb4 {Hoping for Ba3.} Rxb2 28. Bc5 Rb8 29. Re5 Bc4 30. Kf2 Rb2+ 31. Kg3 Bf1 32. Re1 Rxg2+ 33. Kf4 Bc4 34. h4 Be6 35. Ke5 Rd2 36. f4 Bc4 37. Rc1 Bb3 38. Rb1 Bc4 39. Rb4 Ba2 40. f5 f6+ 41. Kd6 $1 Rf2 42. Rb8+ Kh7 43. Ra8 Bb3 44. Ra3 Bc4 45. Rc3 Ba2 46. Ra3 Bc4 47. Ra4 Bb3 48. Rb4 Ba2 49. Ra4 {Precision: White = 64%, Black = 64%.} 1/2-1/2

[Event "5th Nebesna Sotnya Blitz 2018"]
[Site "Lutsk"]
[Date "2018.02.16"]
[Round "11"]
[White "Budnikov, Oleg"]
[Black "Simantsev, Mikhail"]
[Result "0-1"]
[WhiteElo "2422"]
[BlackElo "2486"]
[Annotator "TA"]
[PlyCount "34"]
[EventDate "2018.??.??"]
[EventType "swiss"]
[EventCountry "UKR"]
[SourceTitle "playchess.com"]
[Source "ChessBase"]
[SourceQuality "1"]

{[%evp 11,13,10,18,0]} 1. d4 Nf6 2. Nf3 e6 3. c4 b6 4. g3 Bb7 5. Bg2 Be7 6. Nc3 Ne4 {LiveBook: 1124 Partien} 7. Bd2 {[%mdl 32768] Loss on Time!? E17: Damenindisch (Hauptfortsetzung)} {Vorgänger:} Bf6 $146 8. Qc2 Nxd2 9. Qxd2 d6 10. h4 Nd7 11. Rd1 O-O 12. Qc2 c6 13. e4 Qc7 14. Ng5 e5 15. d5 h6 16. Nf3 a6 17. dxc6 Qxc6 {1-0 (60) Topalov,V (2741)-Eljanov,P (2751) Shamkir 2017} 0-1

[Event "5th Nebesna Sotnya Blitz 2018"]
[Site "Lutsk"]
[Date "2018.02.16"]
[Round "11"]
[White "Polyakov, Maxim"]
[Black "Ianov, Viktor"]
[Result "1/2-1/2"]
[WhiteElo "2402"]
[BlackElo "2292"]
[Annotator "TA"]
[PlyCount "42"]
[EventDate "2018.??.??"]
[EventType "swiss"]
[EventCountry "UKR"]
[SourceTitle "playchess.com"]
[Source "ChessBase"]
[SourceQuality "1"]

{[%evp 22,42,83,50,66,47,37,35,43,31,42,14,28,14,31,31,31,7,24,22,31,18,19]} 1. Nf3 d6 2. g3 Nf6 3. Bg2 g6 4. O-O Bg7 5. b3 O-O 6. d4 {[%cal Bd2d4,Bd4d5][%mdl 32]} Nbd7 7. Bb2 c5 8. c4 Rb8 9. Nc3 {E60: Königsindisch (ohne Sc3)} b6 (9... a6 10. a4 cxd4 11. Nxd4 Nc5 12. e3 Bg4 13. Qc2 Qd7 14. f3 Bh3 15. Rfd1 Bxg2 16. Kxg2 Rbc8 17. Nde2 Rfe8 18. e4 {1-0 (45) Vokarev,S (2443)-Murtazin,R (2342) Sochi 2017}) 10. d5 a6 11. a4 Bb7 12. Qc2 {LiveBook: 4 Partien} Re8 13. e4 $146 ({Vorgänger:} 13. Rad1 Qc7 14. Rfe1 e6 15. dxe6 Rxe6 16. Ng5 Re7 17. Bxb7 Rxb7 18. Nh3 Ne5 19. Nf4 Qc6 20. Ncd5 Nxd5 21. Nxd5 {1-0 (34) Barnaure,V (2317)-Teodorescu,A (2038) Bucharest 2003}) 13... e6 14. Rfe1 exd5 15. exd5 Qc7 16. Rxe8+ (16. Nd2 {with more complications.} h6 17. Nce4 Re7 18. Re2 Rbe8 19. Rae1) 16... Rxe8 17. Re1 Rxe1+ 18. Nxe1 Bc8 19. Nd3 Qd8 20. Qe2 Qe8 21. Qxe8+ Nxe8 1/2-1/2